Teaching of biology (Record no. 238734)

MARC details
000 -LEADER
fixed length control field 00450nam a2200193Ia 4500
003 - CONTROL NUMBER IDENTIFIER
control field OSt
005 - DATE AND TIME OF LATEST TRANSACTION
control field 20260323103916.0
008 - FIXED-LENGTH DATA ELEMENTS--GENERAL INFORMATION
fixed length control field 250729s1989 xx 000 0 und d
020 ## - INTERNATIONAL STANDARD BOOK NUMBER
International Standard Book Number 9788184110456
040 ## - CATALOGING SOURCE
Transcribing agency AL
041 ## - LANGUAGE CODE
Language code of text/sound track or separate title eng
082 ## - DEWEY DECIMAL CLASSIFICATION NUMBER
Classification number 574 CHHT
100 ## - MAIN ENTRY--PERSONAL NAME
Personal name M S Chhikkara
9 (RLIN) 230342
245 ## - TITLE STATEMENT
Title Teaching of biology
260 ## - PUBLICATION, DISTRIBUTION, ETC.
Place of publication, distribution, etc. Ludhiana
Name of publisher, distributor, etc. Prakash Brothers
Date of publication, distribution, etc. 1989
300 ## - PHYSICAL DESCRIPTION
Extent 230p
650 ## - SUBJECT ADDED ENTRY--TOPICAL TERM
Topical term or geographic name entry element Biology
9 (RLIN) 230343
942 ## - ADDED ENTRY ELEMENTS (KOHA)
Source of classification or shelving scheme Dewey Decimal Classification
Koha item type School of Education
Holdings
Withdrawn status Lost status Damaged status Not for loan Home library Current library Date acquired Source of acquisition Cost, normal purchase price Total Checkouts Full call number Barcode Date last seen Cost, replacement price Price effective from Koha item type
        St Aloysius Library St Aloysius Library 07/29/2025 Management Books 26.00   574 CHHT BED04053 07/29/2025 25.50 07/29/2025 Book